| 000 | 00678nam a2200157 i 4500 | ||
|---|---|---|---|
| 001 | 162610 | ||
| 003 | ES-MaACL | ||
| 005 | 20230906212550.0 | ||
| 008 | 041122s1898 xxkao |||| | eng d | ||
| 040 |
_aCAM _bspa _cCAM |
||
| 100 | 1 |
_aProctor, H.B. _9131384 |
|
| 245 | 1 | 4 |
_aThe mummy's dream _b: an egyptian story of the exodus / _cwritten and illustrated by H.B. Proctor. |
| 260 |
_aLondon : _bSimpkin, Marshall & Co. ; _aLiverpool : _bEdward Howell, _c1898 ( _eEdimburgh : _fprinted by R. & R. Clark) |
||
| 300 |
_aXIV, [4], 257 p., [1] h. de fot. : _bil. ; _c18 cm. |
||
| 852 |
_aES-MaACL _jG-10494 _z-- Enc. hol., conservando la cub. original cromolit. _z-- Donativo de Dresser |
||
| 999 |
_c162610 _d162610 |
||